logo

Bir Sreshtho Munshi Abdur Rouf Library
Jhenaidah Cadet College

Electronic devices and circuits / (Record no. 8237)

MARC details
000 -LEADER
fixed length control field 00750nam a2200265 a 4500
001 - CONTROL NUMBER
JCCL Control Number 8237
003 - CONTROL NUMBER IDENTIFIER
JCCL marc code BD - JhCC
005 - DATE AND TIME OF LATEST TRANSACTION
control field 20180324103522.0
008 - FIXED-LENGTH DATA ELEMENTS--GENERAL INFORMATION
fixed length control field 930324s1976 si 000 0 eng d
020 ## - INTERNATIONAL STANDARD BOOK NUMBER
Cancelled/invalid ISBN 007Y855056
035 ## - SYSTEM CONTROL NUMBER
system control number (BD - JhCC)8237
040 ## - CATALOGING SOURCE
Original cataloging agency BD-JhCC
Modifying agency BD-JhCC
041 ## - LANGUAGE CODE
Language code of Book eng
082 ## - DEWEY DECIMAL CLASSIFICATION NUMBER
Author mark and Year MIL 1976
Classification number 621.3815
100 1# - MAIN ENTRY--PERSONAL NAME
Personal name Millman, Jacob,
Dates associated with a name 1911-1991.
245 10 - TITLE STATEMENT
Title Electronic devices and circuits /
Statement of responsibility, etc Jacob Millman, Christos C. Halkias
250 ## - EDITION STATEMENT
Edition statement International student ed
260 ## - PUBLICATION, DISTRIBUTION, ETC. (IMPRINT)
Place of publication, distribution, etc Singapore ;
-- London :
Name of publisher, distributor, etc McGraw-Hill,
Date of publication, distribution, etc 1976
300 ## - PHYSICAL DESCRIPTION
Pagination xv, 752 p. :
Other physical details ill. ;
Dimensions 21 cm
500 ## - GENERAL NOTE
General note Includes index
650 #0 - SUBJECT ADDED ENTRY--TOPICAL TERM
Topical term or geographic name as entry element Electronic circuit design
700 1# - ADDED ENTRY--PERSONAL NAME
Personal name Halkias, Christos C.
942 ## - ADDED ENTRY ELEMENTS (KOHA)
Source of classification or shelving scheme Dewey Decimal Classification
Koha item type Books
Holdings
Source of classification or shelving scheme Damaged status Not for loan Home library Current library Shelving location Date of accession Total Checkouts Full call number Barcode Date last seen Date checked out Copy number Koha item type
Dewey Decimal Classification     JCC Rouf Library JCC Rouf Library General Stacks 02/13/2024 2 621.3815 MIL 1976 10825 05/08/2024 04/21/2024 C - 1 Books

JCC Library | Contacts | JCC Home

Last Update on 23 September 2017
Copyright @ 2017-2020 JCC Rouf Library
Rouf Library, Jhenidah Cadet College (JCC), Bangladesh